| 000 | 00932nam a22002897a 4500 | ||
|---|---|---|---|
| 001 | 6228 | ||
| 003 | FISKH | ||
| 005 | 20260330083340.0 | ||
| 008 | 250403b cb ||||| |||| 00| 0 eng d | ||
| 020 | _a9780545307253 | ||
| 040 |
_aFISKH _beng _cFISKH _dFISKH |
||
| 050 | _aPZ7.E7388 M | ||
| 082 | _a 813.54 | ||
| 100 | _aErskine, Kathryn | ||
| 245 |
_aMockingbird / _cKathryn Erskine |
||
| 250 | _aThis edition first published in 2011 | ||
| 260 |
_aNew York : _bScholastic, _c2010. |
||
| 300 |
_a235 pages : _c20 cm |
||
| 505 | _aP | ||
| 520 | _aTen-year-old Caitlin, who has Asperger's Syndrome, struggles to understand emotions, show empathy, and make friends at school, while at home she seeks closure by working on a project with her father. | ||
| 521 | 8 |
_a630
_bLexile |
|
| 521 | 8 |
_aP
_bRaz-Plus |
|
| 650 |
_2Autism _aEmpathy |
||
| 650 |
_2Disability _aDisabilities |
||
| 942 |
_2ddc _cBK _n0 |
||
| 999 |
_c6228 _d6228 |
||